La balsa ancestral del Pacífico americano /

محفوظ في:
التفاصيل البيبلوغرافية
المؤلف الرئيسي: Rosales Valenzuela, Benjamín, 1950- (مؤلف)
التنسيق: الكتروني كتاب الكتروني
اللغة:الإسبانية
منشور في: Madrid, España : Sílex, [2024]
سلاسل:Sílex magnum.
الموضوعات:
الوصول للمادة أونلاين:Digitalia Hispánica
الوسوم: إضافة وسم
لا توجد وسوم, كن أول من يضع وسما على هذه التسجيلة!

MARC

LEADER 00000nam a2200000Ii 4500
001 DIGSLX0080
003 NyNyDIG
006 m o d
007 cr |||||||||||
008 260520s2024 sp a ob 000 0 spa d
035 |a (OCoLC)1592779762 
040 |a DGITA  |b eng  |e rda  |e pn  |c DGITA 
020 |z 9788410267794 
043 |a s-ec---  |a s-ck---  |a nc----- 
050 1 4 |a VM352 ebook 
100 1 |a Rosales Valenzuela, Benjamín,  |d 1950-  |e author. 
245 1 0 |a La balsa ancestral del Pacífico americano /  |c Benjamín Rosales Valenzuela. 
264 1 |a Madrid, España :  |b Sílex,  |c [2024] 
300 |a 1 online resource :  |b illustrations (chiefly color) 
336 |a text  |b txt  |2 rdacontent 
337 |a computer  |b c  |2 rdamedia 
338 |a online resource  |b cr  |2 rdacarrier 
347 |a text file  |2 rdaft 
347 |b PDF 
490 1 |a Colección: Sílex Universidad Magnum 
504 |a Includes bibliographical references. 
588 0 |a Online resource; title from PDF title page (Digitalia, viewed May 20, 2026) 
650 0 |a Rafts  |z Ecuador  |x History. 
650 0 |a Rafts  |z Colombia  |x History. 
650 0 |a Rafts  |z Central America  |x History. 
650 0 |a Boats and boating  |z Ecuador  |x History. 
650 0 |a Boats and boating  |z Colombia  |x History. 
650 0 |a Boats and boating  |z Central America  |x History. 
650 0 |a Balsa wood. 
791 2 |a Digitalia (Firm),  |e distributor. 
793 0 |g Digitalia eBook Collection:  |a Sílex 
776 0 8 |i Print version:  |a Rosales Valenzuela, Benjamín, 1950-  |t Balsa ancestral del Pacífico americano.  |d Madrid, España : Sílex, [2024]  |z 9788410267794 
830 0 |a Sílex magnum. 
856 4 0 |3 Digitalia Hispánica  |u https://digitalia.unach.elogim.com/a/182654/ 
910 |a Premium collection: 2026